100 lecciones de neurociencias : una guía para descubrir los secretos de tus emociones y de tu comportamiento /

Tallennettuna:
Bibliografiset tiedot
Päätekijä: Calixto, Eduardo (autor)
Aineistotyyppi: Kirja
Kieli:espanja
Julkaistu: México : Aguilar, 2025, c2025
Aiheet:
Tagit: Lisää tagi
Ei tageja, Lisää ensimmäinen tagi!

MARC

LEADER 00000nam^a2200000^a^4500
001 000626814
005 20260123000000.0
009 20260310134041.211
020 |a 978-607-384-643-1 
037 |a Acervo ITESO - Biblioteca 
041 |a ESP 
082 |a 612. 8  |b CAL 
100 |a Calixto, Eduardo  |e (autor) 
245 1 0 |a 100 lecciones de neurociencias :  |b una guía para descubrir los secretos de tus emociones y de tu comportamiento /  |c E. Calixto. 
264 4 |a México :  |b Aguilar,  |c 2025, c2025 
300 |a 311 p. 
336 |a texto  |b txt  |2 rdacontenido 
337 |a sin mediación  |b n  |2 rdamedio 
338 |a volumen  |b nc  |2 rdasoporte 
521 |a FIL 2025 DIA 
649 |a XX 
650 |a Cerebro 
650 |a Sistema Nervioso Central 
650 |a Neurociencias -  |x Generalidades -  |x Tema Principal 
650 |a Fisiología Humana 
910 |a Fondo General 
920 |a Impresos - Libros 
930 |a Colección General 
905 |a 101 
901 |a 626814-10  |b IT1  |c ACC  |i C192321  |u 20260123 
902 |a https://opac.biblio.iteso.mx/vufind/Record/000626814